LEADER 01865nam1 22004333i 450 001 VEA1007287 005 20231121125922.0 010 $a889016137X 100 $a20091104d2008 ||||0itac50 ba 101 | $aita 102 $ait 181 1$6z01$ai $bxxxe 182 1$6z01$an 200 1 $aUniversitates e baronie: arte e architettura in Abruzzo e nel Regno al tempo dei Durazzo$eatti del Convegno$eGuardiagrele-Chieti, 9-11 novembre 2006$fa cura di Pio Francesco Pistilli, Francesca Manzari, Gaetano Curzi 210 $aPescara$cZip$d2008 215 $a3 volumi$d27 cm. 225 | $aMezzogiorno medievale$v5 312 $aTit. del dorso: Universitates e baronie$9VEA1007292 410 0$1001RMS1678843$12001 $aMezzogiorno medievale$v5 463 1$1001RMS2154941$12000 $aVol. 2$v2 463 1$1001RMS2155205$12001 $aAtlante fotografico$v3 463 1$1001RMS2155356$12000 $aVol. 1$v1 517 1 $aUniversitates e baronie$9VEA1007292 606 $aArte$xAbruzzo$xSec. 14.-15.$xCongressi$x2006$2FIR$3BVEC229393$9I 606 $aArte$xItalia centro-meridionale$xCongressi$x2006$2FIR$3BVEC229394$9I 676 $a709.4571$9$v21 702 1$aPistilli$b, Pio Francesco$3MILV096205 702 1$aManzari$b, Francesca$f <1967- >$3RMLV056141 702 1$aCurzi$b, Gaetano$3VEAV044566 801 3$aIT$bIT-01$c20091104 850 $aIT-RM0418 $aIT-FR0017 899 $aBIBLIOTECA ACCADEMIA NAZ. DEI LINCEI E CORSINIANA$bRM0418 899 $aBiblioteca umanistica Giorgio Aprea$bFR0017 912 $aVEA1007287 950 1$aBiblioteca umanistica Giorgio Aprea$d 52MAG 4/661.1$d 52MAG 4/661.2$d 52MAG 4/661.3 967 $m1 977 $a 10$a 52 996 $aUniversitates e baronie: arte e architettura in Abruzzo e nel Regno al tempo dei Durazzo$93643415 997 $aUNICAS